00452 2200169 4500001002100000005001500021035002000036008004100056245005300097100001800150260003100168300002700199020002200226084001400248082000800262990001200270INLIS00000000000263620250619065934 a0010-0625000222250619 0 1 aKunci Sukses Manajemen Proyek /cNatan S. Gultom aGultom, Natan aJakarta :bErlangga,c2022 a74 hlm ;c14,5 x 21 cm a978-623-7478-84-3 a658 NAT k a658 a0754889